000 00954nam a22002897a 4500
001 BR0503762
003 BR-BrBNA
005 20230928101948.0
007 ta
008 230509b bl.||||| |||| 00| 0 por d
040 _aBR-BrBNA
_bpor
_cBiblioteca Nacional de Agricultura
041 _a(Por)
072 _aL01
_b5212
090 _ 5212 BR0503762
100 1 _aJunqueira, F.S.
110 1 _aUniversidade Federal de Minas Gerais, Belo Horizonte (Brasil). Escola de Veterinária
_0Tese (Mestre em Zootecnia)
245 1 _aComparação zootécnica e econômica de vacas F1 Holândes x Gir ordenhadas na presença ou ausência de suas crias
260 3 _aBelo Horizonte, MG (Brasil):
_c2004.
300 _a49 p.
500 _aSummaries (Eng, Por); Bibliography p. 42-48; 18 tables
650 _aVACA LEITEIRA
650 _aORDENHA
650 _aLEITE
650 _aPRODUÇÃO LEITEIRA
909 _a202309
_bLucia
_c55
_dLucia Elande
942 _cBK
999 _c68445
_d68445